Loading...
| Fine Arts - Classical Music | 7 | 14.29 | 4,414% | 200% | 386% |
| Fine Arts - Other | 7 | 24.29 | 6,271% | 671% | 443% |
| Fine Arts - Painting & Sculpture | 5 | 18.00 | 5,240% | 340% | 500% |
| History - American | 5 | 18.00 | 1,440% | 740% | 320% |
| History - European | 6 | 21.67 | 5,433% | 517% | 533% |
| History - Other | 6 | 16.67 | 2,767% | 400% | 567% |
| History - World | 3 | 13.33 | 3,333% | 567% | 0% |
| Literature - American | 7 | 15.71 | 3,529% | 243% | 571% |
| Literature - British | 6 | 16.67 | 2,417% | 367% | 650% |
| Literature - European | 5 | 18.00 | 5,460% | 460% | 320% |
| Literature - World | 3 | 20.00 | 4,833% | 467% | 500% |
| Mythology | 6 | 16.67 | 4,300% | 133% | 667% |
| Other | 7 | 22.86 | 5,600% | 571% | 543% |
| Philosophy | 3 | 16.67 | 3,333% | 267% | 500% |
| Religion | 6 | 16.67 | 3,017% | 817% | 133% |
| Science - Biology | 6 | 13.33 | 1,067% | 383% | 583% |
| Science - Chemistry | 3 | 20.00 | 3,767% | 500% | 533% |
| Science - Other | 7 | 18.57 | 2,986% | 486% | 714% |
| Science - Physics | 6 | 16.67 | 3,300% | 250% | 667% |
| Social Science | 7 | 20.00 | 5,814% | 486% | 457% |